The language of medicine, its evolution, structure, and dynamics / (Record no. 794)

000 -LEADER
fixed length control field 01060nam a22003497a 4500
001 - CONTROL NUMBER
control field 3635704
003 - CONTROL NUMBER IDENTIFIER
control field OSt
005 - DATE AND TIME OF LATEST TRANSACTION
control field 20210422054654.0
008 - FIXED-LENGTH DATA ELEMENTS--GENERAL INFORMATION
fixed length control field 751023s1976 mdu b 001 0 eng
010 ## - LIBRARY OF CONGRESS CONTROL NUMBER
LC control number 75037500
020 ## - INTERNATIONAL STANDARD BOOK NUMBER
International Standard Book Number 0061406899
040 ## - CATALOGING SOURCE
Original cataloging agency eng
Transcribing agency DLC
Modifying agency eng
Language of cataloging eng
041 ## - LANGUAGE CODE
Language code of text/sound track or separate title eng
050 00 - LIBRARY OF CONGRESS CALL NUMBER
Classification number R123
Item number .D57
060 ## - NATIONAL LIBRARY OF MEDICINE CALL NUMBER
Classification number W15 D598L
080 ## - UNIVERSAL DECIMAL CLASSIFICATION NUMBER
Universal Decimal Classification number 61
Item number D-62
082 00 - DEWEY DECIMAL CLASSIFICATION NUMBER
Classification number 610/.1/4
100 1# - MAIN ENTRY--PERSONAL NAME
Personal name Dirckx, John H.,
Dates associated with a name 1938-
245 14 - TITLE STATEMENT
Title The language of medicine, its evolution, structure, and dynamics /
Statement of responsibility, etc. John H. Dirckx.
Remainder of title / by: Medical Dept., Harper & Row
260 ## - PUBLICATION, DISTRIBUTION, ETC.
Place of publication, distribution, etc. Hagerstown, Md. :
Name of publisher, distributor, etc. Medical Dept., Harper & Row,
Date of publication, distribution, etc. c1976.
300 ## - PHYSICAL DESCRIPTION
Extent vii, 170 p. ;
Dimensions 21 cm.
500 ## - GENERAL NOTE
General note Includes indexes.
504 ## - BIBLIOGRAPHY, ETC. NOTE
Bibliography, etc. note Bibliography: p. 145-146.
650 #0 - SUBJECT ADDED ENTRY--TOPICAL TERM
Topical term or geographic name entry element Medicine
General subdivision Language.
650 #0 - SUBJECT ADDED ENTRY--TOPICAL TERM
Topical term or geographic name entry element English language
General subdivision Etymology.
650 #2 - SUBJECT ADDED ENTRY--TOPICAL TERM
Topical term or geographic name entry element Nomenclature.
650 #2 - SUBJECT ADDED ENTRY--TOPICAL TERM
Topical term or geographic name entry element Language.
653 ## - INDEX TERM--UNCONTROLLED
Uncontrolled term მედიცინა
653 ## - INDEX TERM--UNCONTROLLED
Uncontrolled term სამედიცინო ენა
906 ## - LOCAL DATA ELEMENT F, LDF (RLIN)
a 7
b cbc
c orignew
d 1
e ocip
f 19
g y-gencatlg
942 ## - ADDED ENTRY ELEMENTS (KOHA)
Source of classification or shelving scheme
Koha item type Books
Holdings
Withdrawn status Lost status Source of classification or shelving scheme Damaged status Not for loan Permanent location Current location Date acquired Inventory number Total Checkouts Full call number Barcode Date last seen Price effective from Koha item type
          Ken Walker International University Ken Walker International University 12/22/2020 2209   61 D-62 2209 12/22/2020 12/22/2020 Books
          Ken Walker International University Ken Walker International University 12/22/2020 2182   61 D-62 2182 12/22/2020 12/22/2020 Books
          Ken Walker International University Ken Walker International University 12/22/2020 2338   61 D-62 2338 12/22/2020 12/22/2020 Books

Powered by Koha